| 000 | 00447 a2200193 4500 | ||
|---|---|---|---|
| 003 | OSt | ||
| 005 | 20180116182911.0 | ||
| 008 | 160426b xxu||||| |||| 00| 0 eng d | ||
| 020 | _a602460246024 | ||
| 040 | _c0 | ||
| 082 | _a111 | ||
| 100 | _aJanice H. | ||
| 110 | _aICFAI | ||
| 245 |
_aSport Obermeyer,Ltd. _cHarvard business School |
||
| 250 | _a9-695-022 | ||
| 260 |
_aIndia _bICFAI _c1996 |
||
| 300 | _a21p | ||
| 942 |
_aNBS _cCS _k111 _2ddc |
||
| 999 |
_c348162 _d348162 |
||